Cuando los niños dicen ¡basta! / (Registro nro. 10924)

Detalles MARC
000 -LIDER
fixed length control field 01039cam a2200349 i 4500
001 - NÚMERO DE CONTROL
Identificador de número de control 0000540
003 - IDENTIFICACDOR DE NÚMERO DE CONTROL
control field DO-SdBNP
005 - DATE AND TIME OF LATEST TRANSACTION
control field 20230427115559.0
007 - CAMPOS FIJOS DE DESCRIPCIÓN FÍSICA
fixed length control field 0000540
008 - ELEMENTOS DE LONGITUD FIJA
fixed length control field 100514s 2003 sp a || 000 f spa
015 ## - NÚMERO DENTRO DE LA BIBLIOGRAFÍA NACIONAL
National bibliography number
017 ## - NÚMERO DE REGISTRO DE DERECHOS DE AUTOR
Copyright or legal deposit number
Assigning agency
020 ## - ISBN
International Standard Book Number 8489384444
035 ## - NÚMERO LOCAL
System control number
040 ## - FUENTE DE CATALOGACIÓN
Agencia que crea de manera original el registro BPMSU
Idioma de catalogación spa
Agencia que realiza la transcripción BPMSU
Convenciones de la despripción
080 ## - NÚMERO DE CLASIFICACIÓN DECIMAL UNIVERSAL
Universal Decimal Classification number
082 #4 - NÚMERO DE CLASIFICACIÓN DECIMAL DE DEWEY
Classification number 306.8
Item number T667c 2003
Edition number 22
100 1# - ASIENTO PRINCIPAL -- NOMBRE PERSONAL
Nombre personal Tonucci, Francesco
245 10 - MENCIÓN DE TITULO
Título Cuando los niños dicen ¡basta! /
Mención de responsabilidad Francesco Tonucci ; traducción Mario Merlino
Medio (Designación general de material)
260 ## - PUBLICACIÓN, DISTRIBUCIÓN, ETC. (PIE DE IMPRENTA)
Lugar de publicación, distribución, etc Madrid :
Nombre del editor, distribuidor, etc. Fundación Germán Sánchez Ruipérez,
Fecha de publicación, distribución, etc 2003.
300 ## - DESCRIPCIÓN FÍSICA
Extensión 303 p.:
Otros detalles físicos il.
Dimensiones 23 m
490 0# - MENCIÓN DE SERIES
Mención de serie El árbol de la memoria
504 ## - NOTA DE BIBLIOGRAFÍA, ETC.
Bibliography, etc Biografía p: 296-303
534 ## - NOTA SOBRE LA VERSIÓN ORIGINAL
Asiento principal del original Título original :
Mención del título original Se i bambini dicono: adesso basta!
586 ## - AWARDS NOTE
Awards note Premio Doncel de biografía 1962
590 ## - NOTA LOCAL
Texto de la nota local Inventariado,2023/VM
650 #4 - ENCABEZAMIENTO DE MATERIA--TEMÁTICO
Término temático o nombre geográfico como elemento de entrada Educación de niños
650 #4 - ENCABEZAMIENTO DE MATERIA--TEMÁTICO
Término temático o nombre geográfico como elemento de entrada Padres e hijos
700 1# - ASIENTO SECUNDARIO -- NOMBRE PERSONAL
Nombre personal Merlino, Mario
Fechas asociadas con el nombre 1948-
Título de una obra tr.
910 ## - VALIDACIÓN
Validación VMateo V. Control de calidad (BPMSU)
942 ## - ADDED ENTRY ELEMENTS (KOHA)
Source of classification or shelving scheme Dewey Decimal Classification
Koha item type Libros
Existencias
Withdrawn status Lost status Source of classification or shelving scheme Damaged status Not for loan Collection code Home library Current library Date acquired Source of acquisition Full call number Barcode Date last seen Price effective from Koha item type
    Dewey Decimal Classification     Colección General Biblioteca Pública Metropolitana Salomé Ureña Biblioteca Pública Metropolitana Salomé Ureña 07/18/2016 Fundación Germán Sánchez Ruipérez BPMSU CD 306.8 T667c 2003 BPMSU16070517 07/18/2016 07/18/2016 Libros